000 00358nam a2200145Ia 4500
008 230917s9999||||xx |||||||||||||| ||und||
040 _e159613
_aMAIN
041 _aEnglish
082 _a346.022 S79B
100 _aSurya Kumar
245 0 _aBhartiya samvida adhiniyam
260 _aAllahabad
_bAllahabad Law Agency
_cn.d.
300 _avp p.
942 _cBK
999 _c201972
_d201972